TRANSPORTATION RESEARCH RECORD NO. 945 (Record no. 547442)
[ view plain ]
| 000 -LEADER | |
|---|---|
| fixed length control field | 00449 a2200133 4500 |
| 082 ## - DEWEY DECIMAL CLASSIFICATION NUMBER | |
| Classification number | 625.73 NAT |
| 110 ## - MAIN ENTRY--CORPORATE NAME | |
| Corporate name or jurisdiction name as entry element | N.R.B.N.R.C.N.A.S |
| 9 (RLIN) | 43638 |
| 245 ## - TITLE STATEMENT | |
| Title | TRANSPORTATION RESEARCH RECORD NO. 945 |
| Remainder of title | Photogrammetry, water quality. |
| 260 ## - PUBLICATION, DISTRIBUTION, ETC. | |
| Place of publication, distribution, etc. | WASHINGTON |
| Name of publisher, distributor, etc. | THE WORLD BANK |
| Date of publication, distribution, etc. | 1983 |
| 300 ## - PHYSICAL DESCRIPTION | |
| Extent | 58 P, PB, ILL |
| 500 ## - GENERAL NOTE | |
| General note | SUBGRADE MOISTURE: SOIL PROPERTIES FOUNDATIONS TUNNEL REINFORCEMENT |
| 526 ## - STUDY PROGRAM INFORMATION NOTE | |
| Program name | 0 |
| Interest level | 0 |
| Reading level | 0 |
| Title point value | 625_730000000000000_NAT |
| 942 ## - ADDED ENTRY ELEMENTS (KOHA) | |
| Source of classification or shelving scheme | |
| Koha item type | Book Bank |
| Withdrawn status | Lost status | Source of classification or shelving scheme | Damaged status | Not for loan | Permanent Location | Current Location | Date acquired | Total Checkouts | Full call number | Barcode | Date last seen | Price effective from | Koha item type |
|---|---|---|---|---|---|---|---|---|---|---|---|---|---|
| Military College of Engineering (MCE) | Military College of Engineering (MCE) | 07/15/2014 | 625.73 NAT | MCE-42154 | 07/15/2014 | 07/15/2014 | Book Bank |
